Организация работы по антитеррористической защищенности образовательного учреждения (Запись № 265172)

Подробности
000 -МАРКЕР
контрольное поле 02061nam0a2200325 4500
001 - ИДЕНТИФИКАТОР ЗАПИСИ
контрольное поле RU\NLR\bibl\1256020
005 - ИДЕНТИФИКАТОР ВЕРСИИ
контрольное поле 20260408070734.0
021 ## - НОМЕР ГОСУДАРСТВЕННОЙ РЕГИСТРАЦИИ
Код страны Российская Федерация
Номер 2008-42147
Номер Листа государственной регистраци 2331
035 ## - ДРУГИЕ СИСТЕМНЫЕ НОМЕРА
Идентификатор записи (NLR Aleph) 001242056
100 ## - ДАННЫЕ ОБЩЕЙ ОБРАБОТКИ
Данные общей обработки 20080725d2007 |||y0rusy50 ca
101 0# - ЯЗЫК РЕСУРСА
Язык текста, звукозаписи и т.д. русский
102 ## - СТРАНА ПУБЛИКАЦИИ ИЛИ ПРОИЗВОДСТВА
Страна публикации Российская Федерация
105 ## - ПОЛЕ КОДИРОВАННЫХ ДАННЫХ: ТЕКСТОВЫЕ МАТЕРИАЛЫ, МОНОГРАФИЧЕСКИЕ
Кодированные данные о монографическом текстовом документе y |||||||||
200 1# - ЗАГЛАВИЕ И СВЕДЕНИЯ ОБ ОТВЕТСТВЕННОСТИ
Основное заглавие Организация работы по антитеррористической защищенности образовательного учреждения
Сведения, относящиеся к заглавию учебно-практическое пособие
Первые сведения об ответственности Департамент образования г. Москвы, Гос. образоват. учреждение высш. проф. образования Моск. ин-т открытого образования
Последующие сведения об ответственности [Пилипенко В.Ф., Гаврилов М.А.]
-- отв. ред. Е.С. Кушель
210 ## - ПУБЛИКАЦИЯ, РАСПРОСТРАНЕНИЕ И ДР.
Место издания, распространения и т.д. Москва
Имя издателя, распространителя и т. д. Школьная книга
Дата издания, распространения и т.д. 2007
215 ## - ФИЗИЧЕСКАЯ ХАРАКТЕРИСТИКА
Специфическое обозначение материала и объем 86 с.
Размеры 29
225 1# - СЕРИЯ
Основное заглавие серии Серия: Библиотечка заместителя руководителя образовательного учреждения по обеспечению безопасности
Обозначение тома [вып.] 2
320 ## - ПРИМЕЧАНИЯ О НАЛИЧИИ В ДОКУМЕНТЕ БИБЛИОГРАФИИ / УКАЗАТЕЛЯ
Текст примечания Норм. акты и лит.: с. 48-52
320 ## - ПРИМЕЧАНИЯ О НАЛИЧИИ В ДОКУМЕНТЕ БИБЛИОГРАФИИ / УКАЗАТЕЛЯ
Текст примечания Указ. терминов: с. 81-84
606 1# - НАИМЕНОВАНИЕ ТЕМЫ КАК ПРЕДМЕТ
Наименование темы Образовательные учреждения
Формальный подзаголовок Практические пособия
Тематический подзаголовок Безопасность
Системный номер авторитетной/нормативной записи 2429037
Идентификатор авторитетной/нормативной записи RU\NLR\auth\661445958
686 ## - ИНДЕКСЫ ДРУГИХ КЛАССИФИКАЦИЙ
Индекс Ч34(2Р)к.я7
702 #1 - ИМЯ ЛИЦА - ВТОРИЧНАЯ ОТВЕТСТВЕННОСТЬ
Код отношения Редактор
Материалы, к которым относится поле rus
Графика поля Кириллица
Начальный элемент ввода Кушель
Часть имени, кроме начального элемента ввода Е. С.
Даты 1954-
Расширение инициалов личного имени Евгений Семенович
Идентификатор авторитетной/нормативной записи RU\NLR\auth\7768884
Системный номер авторитетной/нормативной записи 51812
702 #1 - ИМЯ ЛИЦА - ВТОРИЧНАЯ ОТВЕТСТВЕННОСТЬ
Код отношения Составитель
Материалы, к которым относится поле rus
Графика поля Кириллица
Начальный элемент ввода Пилипенко
Часть имени, кроме начального элемента ввода В. Ф.
Расширение инициалов личного имени Владимир Федосьевич
Идентификатор авторитетной/нормативной записи RU\NLR\auth\7768883
Системный номер авторитетной/нормативной записи 51811
712 02 - НАИМЕНОВАНИЕ ОРГАНИЗАЦИИ - ВТОРИЧНАЯ ОТВЕТСТВЕННОСТЬ
Код отношения Прочие
Начальный элемент ввода Московский институт открытого образования
Идентификатор авторитетной/нормативной записи RU\NLR\AUTH\8810046834
Системный номер авторитетной/нормативной записи 593333
801 #0 - ИСТОЧНИК ЗАПИСИ
Страна Российская Федерация
Организация NLR
Дата составления 20080725
Правила каталогизации RCR
801 #1 - ИСТОЧНИК ЗАПИСИ
Страна Российская Федерация
Организация NLR
Дата составления 20080725
942 ## - ДОПОЛНИТЕЛЬНЫЕ ЭЛЕМЕНТЫ ЗАПИСИ (АБИС)
Тип экземпляра АБИС Книга
980 ## - КОЛЛЕКЦИЯ
Название коллекции Национальная библиография
Экземпляры
Тип экземпляра Дата поступления Источник поступления Библиотека постоянного хранения Библиотека текущего хранения Место хранения Шифр хранения Штрих-код Статус экземпляра
Книга 25.07.2008 Обязательный экземпляр РНБ (Московский) РНБ (Московский) Русский книжный фонд: издания с 1957 года 2008-8/2260 2723229  
Книга 25.07.2008 Обязательный экземпляр РНБ (Московский) РНБ (Московский) Русский книжный фонд: издания с 1957 года 2008-8/2260 2723230